| 000 | 003170000a22000970004500 | ||
|---|---|---|---|
| 100 | 1 | _aMeneses, Bárbara | |
| 245 | 1 | 0 | _aMujeres sin rostro : La ley coránica desterró a la mujer a una vida de aislamiento, ignorancia y obediencia |
| 300 | _aVol. 17, Núm 17 (1993), Páginas 38-40 | ||
| 773 | 0 | _tCambio 16 | |
| 942 | _cANA | ||
| 999 |
_c58370 _d58370 |
||